000 00479nam a2200169Ia 4500
001 13632
003 GE_BSU
008 181216s||||||||xx |||||||||||||| ||und||
040 _cGE_BSU
245 _aРеферативный журнал. Математический анализ 13Б. №9. 2014
245 _bЭлектронное издание
260 _aМосква
260 _c2014
300 _aСD
653 _aРеферативный журнал
942 _cCF
999 _c46786
_d46786